Anteproyecto Represa "Pozo Largo" /
Guardado en:
| Otros Autores: | , |
|---|---|
| Formato: | Manuscrito |
| Idioma: | Spanish |
| Publicado: |
1996.
|
| Materias: | |
| Etiquetas: |
Agregar Etiqueta
Sin Etiquetas, Sea el primero en etiquetar este registro!
|
| LEADER | 01353ntm a22002415a 4500 | ||
|---|---|---|---|
| 001 | EUN.eunm000578 | ||
| 008 | 050601s1996####ag#abo###bm###000#0#spa#d | ||
| 005 | 20230919120554.0 | ||
| 245 | 1 | 0 | |a Anteproyecto Represa "Pozo Largo" / |c Daniela K. Escudero. |
| 260 | |c 1996. | ||
| 300 | |a iii, ca. 147 h. : |b il., fotos col., mapas col. ; |c 30 cm. | ||
| 500 | |a Profesor asesor: Juan C. Schefer. | ||
| 505 | 0 | |a Prólogo -- Finalidad del trabajo -- Ubicación -- Comentarios Generales -- La presa -- Mensura -- Nivelaciones -- Estudios de los suelos -- Determinación de la altura final del terraplén -- Sección del terraplén -- Determinación de los cimientos del terraplén -- Determinación de la sección del terraplén -- Movimientos de suelos -- El canal abastecedor -- El funcionamiento de la presa -- Bibliografía. | |
| 502 | |a Trabajo final de carrera (Ingeniería)--Universidad Nacional del Sur. Departamento de Ingeniería, 1996. | ||
| 504 | |a Incluye referencias bibliográficas. | ||
| 100 | 1 | |a Escudero, Daniela K. |q (Karina) |4 dis | |
| 700 | 1 | |a Scheffer, Juan Carlos. |4 ths | |
| 710 | 2 | |a Universidad Nacional del Sur. |b Departamento de Ingeniería |4 dgg. | |
| 082 | 0 | 4 | |a 627.8 |2 21 |
| 650 | 1 | 7 | |a Represas. |2 unbist |
| 650 | 1 | 7 | |a Estructuras hidráulicas. |2 unbist |
| 653 | |a Paraje Pozo Largo | ||
| 859 | |a AR-BaUNS |b BIB. CENTRAL - Tesoro |h 627.8 |i Es19 |p 115687/005 | ||
